Pays ayant le plus de lettres de l'alphabet - Statistiques

Statistiques générales
  • Ce quiz a été pris 105 fois
  • Le résultat moyen est 11 sur 20
Statistiques - réponses
# Réponse % Correct
16 République Démocratique du Congo
84%
13 République du Congo
74%
11 Papouasie-Nouvelle-Guinée
69%
12 Saint-Christophe-et-Niévès
67%
12 Saint-Vincent-et-les-Grenadines
66%
14 République Dominicaine
64%
13 République Centrafricaine
62%
11 Ouzbékistan
60%
10 Turkménistan
60%
11 République Tchèque
59%
10 Arabie Saoudite
56%
10 Émirats Arabes Unis
54%
10 Kirghizistan
54%
11 Sao Tomé-et-Principe
46%
10 Antigua-et-Barbuda
45%
12 États Fédérés de Micronésie
42%
11 Bosnie-Herzégovine
40%
11 Guinée Équatoriale
38%
10 Burkina Faso
34%
10 Macédoine du Nord
28%
Aucun quiz correspondant
Distribution des résultats
% des personnes avec chaque résultat
Percentile par nombre de réponses
Votre historique - résultats
Vous n’avez pas pris ce quiz